| 000 | 00632nam a22001697a 4500 | ||
|---|---|---|---|
| 999 |
_c9374 _d9374 |
||
| 008 | 210408b ||||| |||| 00| 0 eng d | ||
| 040 | _aBMS College of Architecture | ||
| 100 | _aKiran, T Adithya | ||
| 245 | _aDesign strategies and guidelines for mitigating urban flooding problem- A case of Kodigehalli Bengaluru | ||
| 300 | _a57p. | ||
| 500 | _a1BM13AHD01 | ||
| 502 |
_8M,Arch (Habitat Design) _NBMS College of Architecture, Visvesvaraya Technological University _aDissertation _d2015 |
||
| 650 | _aKodigehalli | ||
| 700 |
_aMamatha P Raj _eGuide |
||
| 700 |
_aSadashiv Chakravarthy _eGuide |
||
| 942 |
_2ddc _cPGTHE |
||